[Event "Landesliga Nord 9899"]
[Site "Bayern"]
[Date "1998.??.??"]
[Round "?"]
[White "Stauch, Frank"]
[Black "Engelmann, Wolfgang"]
[Result "0-1"]
[WhiteElo "2055"]
[BlackElo "2150"]

1.d4 Nf6 2.Bg5 g6 3.Bxf6 exf6 4.e3 Bg7 5.g3 O-O 6.Bg2 f5 7.Ne2 d6 8.O-O Nd7
9.c4 Nf6 10.Nbc3 Re8 11.Qc2 c6 12.Rab1 a5 13.a3 Qc7 14.Rfc1 Bd7 15.b4 axb4
16.axb4 Ra3 17.Qb2 Rea8 18.Ra1 R3a7 19.Rxa7 Rxa7 20.Ra1 Qb8 21.Nf4 Qa8 22.Rxa7 Qxa7
23.b5 Bf8 24.bxc6 bxc6 25.h3 Qa6 26.Qa2 Qxa2 27.Nxa2 Ne4 28.Bxe4 fxe4 29.Nc3 f5
30.d5 c5 31.Kf1 Kg7 32.Ke2 g5 33.Ng2 Kf6 34.Kd2 Ke5 35.Ne2 Be7 36.Nc3 Bd8
37.Kc2 Ba5 38.Kb2 Be8 39.Kc2 Bh5 40.Kd2 Bf3 41.Ne1 f4 42.Nxf3+ exf3 43.gxf4+ gxf4
44.exf4+ Kd4 45.f5 Bxc3+ 46.Kc2 Kxc4  0-1

[Event "Regionalliga NO9899"]
[Site "Bayern"]
[Date "1998.??.??"]
[Round "?"]
[White "Schatz, Werner"]
[Black "Hannweber, Markus"]
[Result "1-0"]
[WhiteElo "2055"]
[BlackElo "1940"]

1.d4 Nf6 2.Bg5 g6 3.Nd2 d5 4.e3 Bg7 5.Bd3 O-O 6.Ne2 h6 7.Bxf6 Bxf6 8.f4 e6
9.Nf3 Nc6 10.Qd2 Ne7 11.g4 Bg7 12.Ng3 b6 13.Ne5 c5 14.c3 c4 15.Bc2 b5 16.h4 Bxe5
17.dxe5 a5 18.h5 Kg7 19.f5 exf5 20.gxf5 Nc6 21.hxg6 Nxe5 22.Nh5+ Kg8 23.O-O-O fxg6
24.fxg6 Ng4 25.Qd4 Qe7 26.g7 Rd8 27.Rdg1 Ra6 28.Rxg4 Bxg4 29.Qxg4 Qxe3+ 30.Kb1 Qg5
31.Qxg5 hxg5 32.Rg1 Re8 33.Bf5 b4 34.cxb4 axb4 35.Rxg5 b3 36.axb3 cxb3 37.Kc1 Re2
38.Bh7+ Kf7 39.g8=Q+ Ke7 40.Rg2 Kd6  1-0

[Event "Bechhofen opJ "]
[Site "Bechhofen"]
[Date "1998.??.??"]
[Round "?"]
[White "Eiber, Manfred"]
[Black "Bromberger, Stefan"]
[Result "1-0"]
[WhiteElo "2265"]
[BlackElo "2320"]

1.d4 Nf6 2.Bg5 c5 3.Bxf6 gxf6 4.d5 Qb6 5.Qc1 f5 6.e3 Bg7 7.c3 Qd6 8.Qd2 Na6
9.Na3 Nc7 10.Rd1 e5 11.Nc4 Qf6 12.d6 Ne6 13.Qd5 O-O 14.Nf3 e4 15.Ng1 Rb8
16.a4 b6 17.Ne2 Bb7 18.Qd2 Bc6 19.Qc2 f4 20.Nxf4 Nxf4 21.exf4 Qxf4 22.Ne3 Kh8
23.g3 Qg5 24.h4 Qg6 25.g4 Be5 26.Bb5 Bxd6 27.h5 Qe6 28.Bc4 Qf6 29.g5 Qf3
30.Rg1 Bf4 31.Be2 Qh3 32.c4 Qh2 33.Rg4 Bxe3 34.fxe3 Qxh5 35.Qc3+ Kg8 36.Rd6 Qh1+
37.Kd2 Qh2 38.Rh6 Qf2 39.Qf6  1-0

[Event "Bechhofen opJ "]
[Site "Bechhofen"]
[Date "1998.??.??"]
[Round "?"]
[White "Huber, Philipp"]
[Black "Bromberger, Stefan"]
[Result "0-1"]
[WhiteElo "2105"]
[BlackElo "2320"]

1.d4 Nf6 2.Bg5 c5 3.Bxf6 gxf6 4.d5 Qb6 5.Qc1 f5 6.e3 Bg7 7.c3 Qd6 8.Qd2 Na6
9.Na3 Nc7 10.O-O-O Qf6 11.Nh3 e5 12.dxe6 fxe6 13.Nf4 d5 14.Nb5 Qe7 15.Nxc7+ Qxc7
16.Bb5+ Ke7 17.g4 Qa5 18.gxf5 Qxb5 19.fxe6 d4 20.Nd5+ Kd6 21.exd4 cxd4 22.Rhg1 Qxd5
23.Rxg7 Qe5 24.Qh6 Bxe6 25.Rxd4+ Kc6 26.Rc4+ Kb6 27.Rb4+ Ka5 28.Rgxb7 Qe1+
29.Kc2 Qxf2+ 30.Kc1 Qe1+ 31.Kc2 Qe2+ 32.Kc1 Qf1+ 33.Kc2 Qg2+ 34.Kc1 Qg1+
35.Kc2 Qg6+ 36.Qxg6 hxg6 37.h4 Ka6 38.R7b5 Rxh4 39.Re5 Rxb4 40.cxb4 Rc8+
41.Kd3 Bf5+  0-1

[Event "Bechhofen opJ "]
[Site "Bechhofen"]
[Date "1998.??.??"]
[Round "?"]
[White "Eiber, Manfred"]
[Black "Schmid, Siegfried"]
[Result "1-0"]
[WhiteElo "2265"]
[BlackElo "2225"]

1.d4 Nf6 2.Bg5 c5 3.Bxf6 gxf6 4.d5 Qb6 5.Qc1 f5 6.g3 Qb4+ 7.Nd2 Bh6 8.e3 d6
9.c3 Qg4 10.Be2 Qg6 11.Qc2 Nd7 12.Ngf3 Nb6 13.c4 Bg7 14.Rb1 Bd7 15.Nh4 Qf6
16.f4 Na4 17.e4 fxe4 18.Nxe4 Qd4 19.Nf3 Qe3 20.Nf2 Nxb2 21.Rxb2 Bc3+ 22.Nd2 Bd4
23.Nd1 Qa3 24.Rxb7 Ba4 25.Qe4 Bf6 26.Qd3 Qxa2 27.Ne4 Bd4 28.Nxd6+ Kf8 29.Qf5 Bf6
30.Qh5 Be8 31.Nxe8 Qa5+ 32.Kf1 Kxe8 33.d6 Rd8 34.d7+ Rxd7 35.Rxd7 Kxd7 36.Qxf7 Qd2
37.Qd5+ Qxd5 38.cxd5 Kd6 39.Bf3 Rb8 40.Ne3 Bd4 41.Nc4+ Kc7 42.Kg2 Rb3 43.Re1 Rc3
44.Na5 Rc2+ 45.Kh3 Kd7 46.Nc6 Bf6 47.Nxa7 c4 48.Rb1 c3 49.Rb7+ Kd6 50.Nc8+ Kc5
51.Be4 Re2 52.Rc7+ Kd4 53.Bxh7 Kxd5 54.Bd3 Rd2 55.Bg6 Re2 56.g4 Re3+ 57.Kg2 Re2+
58.Kf3 Rxh2 59.g5 Bd4 60.Be4+ Ke6 61.Rxe7+  1-0

[Event "SLO-ch U20"]
[Site "Bled"]
[Date "1998.??.??"]
[Round "?"]
[White "Ivec, M."]
[Black "Glavac, I."]
[Result "1-0"]
[WhiteElo "2065"]
[BlackElo "1735"]

1.d4 Nf6 2.Bg5 g6 3.Nd2 d5 4.e3 Bg7 5.Bd3 Nbd7 6.f4 c5 7.c3 h6 8.Bxf6 Bxf6
9.Ngf3 b6 10.Ne5 Nxe5 11.fxe5 Bg7 12.O-O O-O 13.Qe2 Be6 14.Rf2 Qd7 15.h3 Bf5
16.Bb5 Qb7 17.g4 Bc2 18.Ba6 Qc7 19.Rc1 Ba4 20.Bd3 a5 21.Rcf1 c4 22.Bb1 Bd7
23.e4 Be6 24.exd5 Bxd5 25.Be4 e6 26.Bg2 b5 27.Ne4 Rad8 28.Nd6 Rxd6 29.exd6 Qxd6
30.Bxd5 Qxd5 31.Qf3 Qd6 32.Kg2 Qd7 33.Rd1 Rd8 34.Rfd2 e5 35.d5 Qd6 36.Qe4 Rd7
37.a4 Qc5 38.axb5 Qxb5 39.d6 Rd8 40.Qd5  1-0

[Event "Bodensee Cup 4th"]
[Site "Bodensee"]
[Date "1998.??.??"]
[Round "3"]
[White "Landenbergue, Claude"]
[Black "Gschnitzer, Oswald"]
[Result "1/2-1/2"]
[WhiteElo "2400"]
[BlackElo "2410"]

1.d4 Nf6 2.Bg5 c5 3.Bxf6 gxf6 4.d5 Qb6 5.Qc1 f5 6.g3 Bg7 7.c3 Na6 8.Nh3 e5
9.Bg2 Qg6 10.Na3 Nc7 11.Nc4 d6 12.Qg5 Qxg5 13.Nxg5 Bf8  1/2-1/2

[Event "Cupa Dinamo"]
[Site "Brasov"]
[Date "1998.??.??"]
[Round "3"]
[White "Negulescu, Adrian"]
[Black "Solak, Dragan"]
[Result "1/2-1/2"]
[WhiteElo "2445"]
[BlackElo "2380"]

1.d4 Nf6 2.Bg5 d5 3.Nc3 Nbd7 4.Qd3 c5 5.Bxf6 Nxf6 6.dxc5 e6 7.e4 Nxe4 8.Nxe4 dxe4
9.Qxe4 Bxc5 10.Bb5+ Ke7 11.Qe2 Qb6 12.c3 Bxf2+ 13.Qxf2 Qxb5 14.Nf3 Rd8 15.Qh4+ f6
16.Qxh7 Kf7 17.Rf1 Rd5 18.Rf2 b6 19.Rd1  1/2-1/2

[Event "Cupa Dinamo"]
[Site "Brasov"]
[Date "1998.??.??"]
[Round "5"]
[White "Negulescu, Adrian"]
[Black "Moraru, Marius"]
[Result "1-0"]
[WhiteElo "2445"]
[BlackElo "2375"]

1.d4 Nf6 2.Bg5 c5 3.d5 Qb6 4.Bxf6 gxf6 5.Qc1 f5 6.g3 Bg7 7.c3 O-O 8.Bg2 d6
9.Nh3 e5 10.O-O Nd7 11.Nd2 Nf6 12.Qc2 Qd8 13.Nc4 b5 14.Ne3 Qd7 15.a4 bxa4
16.Rxa4 h6 17.f4 Ng4 18.Nc4 Rb8 19.Nf2 Nxf2 20.Rxf2 e4 21.Ne3 Qe7 22.Bh3 Rb7
23.Bxf5  1-0

[Event "Cupa Dinamo"]
[Site "Brasov"]
[Date "1998.??.??"]
[Round "10"]
[White "Negulescu, Adrian"]
[Black "Chernov, Vadim"]
[Result "1-0"]
[WhiteElo "2445"]
[BlackElo "2405"]

1.d4 Nf6 2.Bg5 d5 3.Nc3 Bf5 4.f3 Nbd7 5.Nxd5 Nxd5 6.e4 h6 7.Bh4 Ne3 8.Qe2 Nxf1
9.exf5 c6 10.Kxf1 Qb6 11.c3 O-O-O 12.Nh3 Re8 13.Nf4 e5 14.fxe6 Bd6 15.exd7+ Kxd7
16.Qc2 g5 17.Nh5 gxh4 18.Nf6+ Kc7 19.Nxe8+ Rxe8 20.Re1 Qa6+ 21.Kf2 Rxe1 22.Rxe1 Qxa2
23.Re4 h3 24.g3 a5 25.Re2 Qd5 26.Qe4 a4 27.Qxd5 cxd5 28.Ke3 b5 29.Kd3 Kd7
30.f4 f5 31.Re5  1-0

[Event "Bratto op"]
[Site "Bratto"]
[Date "1998.??.??"]
[Round "?"]
[White "Griffa, Roberto"]
[Black "Lagrotteria, Salvatore"]
[Result "1-0"]
[WhiteElo "2075"]
[BlackElo "2180"]

1.d4 d5 2.Bg5 Nf6 3.Nd2 c6 4.Bxf6 exf6 5.e3 Bd6 6.c4 O-O 7.c5 Bc7 8.Bd3 b6
9.cxb6 axb6 10.Qc2 h6 11.a3 Qd6 12.Rc1 Bb7 13.Ngf3 Nd7 14.Nh4 c5 15.Nf5 Qe6
16.Nf3 c4 17.Be2 Rfe8 18.h3 Qe4 19.Qxe4 Rxe4 20.Nd2 Ree8 21.Bf3 b5 22.O-O Kh7
23.g3 g6 24.Nh4 Nb6 25.Rfe1 Na4 26.Rc2 Nxb2 27.Rb1 Nd3 28.Rxb5 Bc6 29.Rb1 Ba4
30.Rb7 Rac8 31.Rc3 Bc6 32.Ra7 Nb2 33.Rc2 Nd3 34.Bg4 f5 35.Nxf5 h5 36.Nd6 hxg4
37.Nxe8 Bxe8 38.hxg4 Ne1 39.Rc1 Bb6 40.Ra6 c3 41.Nb3 Nd3 42.Rxb6 Nxc1 43.Nxc1 c2
44.Rb3 Kh6 45.Kf1 Kg5 46.f3 Ba4 47.Rb4 Bd7 48.Rb7 Ba4 49.Ra7 Bb5+ 50.Ke1 Rc4
51.Ra5 Bc6 52.Rc5 Rxc5 53.dxc5 d4 54.e4 f5 55.gxf5 gxf5 56.f4+ Kg4 57.exf5 Kxf5
58.Kd2 Kg4 59.Ne2 d3 60.Nd4 Bd7 61.c6 Bc8 62.c7 Kxg3 63.f5 Kf4 64.f6 c1=Q+
65.Kxc1 Ke3 66.Nb3  1-0

[Event "Bratto op"]
[Site "Bratto"]
[Date "1998.??.??"]
[Round "?"]
[White "Gurevich, Dmitry"]
[Black "Kortschnoj, Viktor"]
[Result "1-0"]
[WhiteElo "2540"]
[BlackElo "2625"]

1.d4 Nf6 2.Bg5 d5 3.Bxf6 exf6 4.e3 Bd6 5.c4 dxc4 6.Bxc4 O-O 7.Nf3 c5 8.dxc5 Bxc5
9.Qxd8 Rxd8 10.Nc3 Nc6 11.Ke2 Be6 12.Bb3 b6 13.Bxe6 fxe6 14.a3 Kf7 15.Rhc1 Rac8
16.b4 Be7 17.Rc2 Nb8 18.Rac1 a5 19.Na2 Rxc2+ 20.Rxc2 axb4 21.Nxb4 Bc5 22.Rc4 Nd7
23.a4 Ra8 24.Nd3 e5 25.Nd2 Ke6 26.e4 Kd6 27.Nb3 Ba3 28.a5 Bc5 29.Rc2 g6 30.Rd2 Ke7
31.Ndxc5 bxc5 32.Kd3 Rb8 33.Kc4 Rb4+ 34.Kc3 Rb7 35.a6 Ra7 36.Kc4 Ra8 37.Kb5 Ke6
38.Na5 Rc8 39.Nb7 c4 40.Rc2 c3 41.a7 Ra8 42.Rxc3 Rxa7 43.Nd8+ Kd6 44.Rd3+ Kc7
45.Ne6+ Kb8 46.Kc6 Kc8 47.Rc3 Ra6+ 48.Kb5+  1-0

[Event "Bucharest Cup IM"]
[Site "Bucharest"]
[Date "1998.??.??"]
[Round "?"]
[White "Ionescu, Doru Alexandru"]
[Black "Jianu, Vlad"]
[Result "0-1"]
[WhiteElo "2250"]
[BlackElo "2225"]

1.d4 Nf6 2.Bg5 g6 3.Bxf6 exf6 4.g3 d6 5.e3 Bg7 6.Bg2 O-O 7.Ne2 f5 8.c4 Nd7
9.Nbc3 Nf6 10.O-O Re8 11.Qd3 c6 12.Rfc1 Qe7 13.b4 Ne4 14.a4 a5 15.Rab1 axb4
16.Rxb4 d5 17.c5 h5 18.h4 g5 19.hxg5 Qxg5 20.Nf4 h4 21.gxh4 Qxh4 22.Qe2 Nxc3
23.Qc2 Ne4 24.Nd3 f4 25.Nxf4 Bf5 26.Qa2 Bh6 27.Nd3 Ng5 28.Ne1 Nh3+ 29.Kf1 Qxf2+
30.Qxf2 Nxf2 31.Ra1 Bxe3 32.Ra3 Bd2 33.Rg3+ Kf8 34.Rxb7 Bxe1 35.Rf3 Ng4 36.Kg1 Bf2+  0-1

[Event "Bucharest Fest GM"]
[Site "Bucharest"]
[Date "1998.??.??"]
[Round "?"]
[White "Dumitrescu, Dragos"]
[Black "Vokarev, Sergey"]
[Result "1-0"]
[WhiteElo "2420"]
[BlackElo "2480"]

1.d4 Nf6 2.Bg5 d5 3.Bxf6 exf6 4.e3 Bd6 5.c4 dxc4 6.Bxc4 O-O 7.Nc3 c6 8.Nf3 f5
9.O-O Nd7 10.Qc2 Nf6 11.Rfd1 Qe7 12.a3 Ne4 13.Bd3 Re8 14.Rac1 g6 15.g3 h5
16.Bf1 Bd7 17.Bg2 Nf6 18.h4 Rad8 19.Re1 Qf8 20.Ng5 Kg7 21.Qb3 Bc8 22.Qa4 Bb8
23.b4 Ng4 24.b5 c5 25.Nd5 f6 26.Nh3 cxd4 27.exd4 Qf7 28.Qc2 Bd7 29.a4 Qf8
30.Nhf4 Qd6 31.Qd2 Re2 32.Rxe2 Re8 33.Rxe8 Bxe8 34.Ne3 a6 35.Nxh5+ Kf8 36.Nxg4 fxg4
37.Qh6+ Ke7 38.Qg7+ Bf7 39.Nf4 f5 40.Bxb7 axb5 41.axb5 Ba7 42.Nd5+ Ke6 43.Qf6+  1-0

[Event "Bucharest Fest IM"]
[Site "Bucharest"]
[Date "1998.??.??"]
[Round "?"]
[White "Covlea, Vlad"]
[Black "Glodeanu, Ion"]
[Result "0-1"]
[WhiteElo "2250"]
[BlackElo "2355"]

1.d4 d5 2.Bg5 Nf6 3.e3 e6 4.Nd2 Nbd7 5.Ngf3 Be7 6.Bd3 c6 7.O-O O-O 8.c3 Re8
9.Ne5 Nxe5 10.dxe5 Nd7 11.Bf4 g6 12.Qg4 Bf8 13.Nf3 Bg7 14.h4 f6 15.exf6 Nxf6
16.Qg5 Nd7 17.h5 Qxg5 18.Nxg5 e5 19.Bg3 e4 20.Be2 h6 21.Nh3 g5 22.f4 exf3
23.Bxf3 Nf6 24.Nf2 Rxe3 25.Rae1 Rxe1 26.Rxe1 Bd7 27.Bd6 Re8 28.Rxe8+ Bxe8
29.g4 Bd7 30.Bb8 a6 31.Kg2 Be6 32.a3 Nd7 33.Bd6 d4 34.cxd4 Bxd4 35.Nd1 Nf6
36.Kg3 Bxg4 37.Bxg4 Ne4+ 38.Kf3 Nxd6 39.b4 Kg7 40.a4 Kf6  0-1

[Event "Ciocaltea mem"]
[Site "Bucharest"]
[Date "1998.??.??"]
[Round "5"]
[White "Yegiazarian, Arsen"]
[Black "Vajda, Levente"]
[Result "1-0"]
[WhiteElo "2455"]
[BlackElo "2440"]

1.d4 Nf6 2.Bg5 d5 3.Bxf6 exf6 4.e3 g6 5.c4 dxc4 6.Bxc4 Bg7 7.Nc3 O-O 8.Nge2 f5
9.O-O Nd7 10.b4 Nf6 11.Rc1 Nh5 12.Bd5 f4 13.exf4 Bg4 14.g3 Bxe2 15.Qxe2 c6
16.Bf3 Qxd4 17.Bxh5 gxh5 18.a3 h4 19.Rfd1 Qf6 20.Ne4 Qe7 21.Re1 hxg3 22.hxg3 Qe6
23.Qf3 Qh3 24.f5 Rfd8 25.f6 Bf8 26.Ng5 Qh6 27.Rc4 Qg6 28.Nh3 h5 29.Re5 Rd5
30.Rxd5 cxd5 31.Qxd5 Re8 32.Nf4 Qg4 33.Rc7  1-0

[Event "Budapest FS06 GM"]
[Site "Budapest"]
[Date "1998.??.??"]
[Round "5"]
[White "Turzo, Attila"]
[Black "Vadasz, Laszlo"]
[Result "1/2-1/2"]
[WhiteElo "2415"]
[BlackElo "2380"]

1.d4 Nf6 2.Bg5 c5 3.Nc3 cxd4 4.Qxd4 Nc6 5.Qh4 e6 6.O-O-O Be7 7.e4 d6 8.f4 Qc7
9.Qe1 a6 10.Nf3 O-O 11.e5 dxe5 12.fxe5 Nd5 13.Bxe7 Ncxe7 14.Nxd5 exd5 15.Bd3 Ng6
16.Qg3 Be6 17.Kb1 Rac8 18.h4 Ne7 19.Ng5 h6 20.Nh7 Rfd8 21.Nf6+ Kh8 22.Nh5 Rg8
23.Rhf1 Nc6 24.Rde1 Nb4 25.c3 Nxd3 26.Qxd3  1/2-1/2

[Event "Campobasso op"]
[Site "Campobasso"]
[Date "1998.??.??"]
[Round "6"]
[White "Lagumina, Giulio"]
[Black "Lupo, Alfredo"]
[Result "0-1"]
[WhiteElo "2275"]
[BlackElo "2120"]

1.d4 d5 2.Bg5 Nf6 3.Bxf6 exf6 4.e3 Bd6 5.c4 dxc4 6.Bxc4 c6 7.Nc3 O-O 8.Nge2 Bg4
9.h3 Be6 10.Bxe6 fxe6 11.Qb3 Qe7 12.Ne4 Na6 13.Nxd6 Qxd6 14.Nf4 Rfe8 15.O-O Rab8
16.Rac1 Kh8 17.Rfd1 Nc7 18.Nd3 Na6 19.a3 Nc7 20.Nc5 Nd5 21.Qc4 Qe7 22.b4 Red8
23.e4 Nc7 24.Rd3 h6 25.Re1 Re8 26.Ree3 Nb5 27.Rd1 Qf7 28.a4 Nd6 29.Qb3 a6
30.Ree1 Rbd8 31.e5 Nf5 32.exf6 Qxf6 33.Nxb7 Nxd4 34.Qc4 Rd5 35.Nc5 e5 36.Ne4 Qe6
37.Nc3 Nf3+ 38.gxf3 Rxd1 39.Qe2 Rxe1+ 40.Qxe1 Qxh3 41.Ne4 Qxf3 42.Qe3 Qd1+
43.Kg2 Qd5 44.f3 Re6 45.Kh3 Qd1 46.a5 Qh1+ 47.Kg4 Qg2+ 48.Kh4 g5+  0-1

[Event "Colmar simul"]
[Site "Colmar"]
[Date "1998.??.??"]
[Round "?"]
[White "Kasparov, Gary"]
[Black "Chatte, AS."]
[Result "1-0"]
[WhiteElo "2825"]
[BlackElo "1670"]

1.d4 Nf6 2.Bg5 g6 3.Bxf6 exf6 4.e3 Bg7 5.h4 d6 6.h5 Be6 7.Ne2 c6 8.Nf4 g5
9.Nxe6 fxe6 10.h6 Bf8 11.Qh5+ Ke7 12.Nd2 Qe8 13.Qh3 Nd7 14.O-O-O Kd8 15.e4 Qf7
16.d5 e5 17.Nc4 Kc7 18.Ne3 Rb8 19.Bc4 c5 20.a4 a6 21.a5 b5 22.axb6+ Rxb6
23.g3 Rg8 24.Qf1 Nb8 25.Nf5 Qd7 26.b3 a5 27.Kd2 a4 28.Ra1 axb3 29.cxb3 Qd8
30.Ra7+ Rb7 31.Qa1 Qc8 32.Qa5+ Kd7 33.Bb5+  1-0

[Event "CZE-ch U18"]
[Site "CZE"]
[Date "1998.??.??"]
[Round "?"]
[White "Dvorak, Jan"]
[Black "Fikr, L."]
[Result "1-0"]
[WhiteElo "2030"]
[BlackElo "1790"]

1.d4 Nf6 2.Bg5 g6 3.Bxf6 exf6 4.Nf3 Bg7 5.g3 O-O 6.Bg2 d6 7.O-O Nc6 8.c4 Bf5
9.Nc3 Qd7 10.Qb3 Rab8 11.Rfd1 Rfe8 12.e3 Bg4 13.Rd2 g5 14.Rc1 Bh6 15.c5 Bxf3
16.Bxf3 g4 17.Bg2 Rxe3 18.Rdd1 Rd3 19.Rxd3 Bxc1 20.Ne4 Kg7 21.cxd6 cxd6 22.Rd1 Bh6
23.Qd5 Rd8 24.Nc3 Qe6 25.Qb5 Qd7 26.Be4 Bg5 27.Bf5 a6 28.Bxd7 axb5 29.Bxg4 b4
30.Nb5 f5 31.Bxf5 Bf6 32.d5 Ne7 33.Be4 Bxb2 34.Rb1 Bc3 35.Nxc3 bxc3 36.Rxb7 Nxd5
37.Bxd5 Rc8 38.Bxf7 Kh6 39.Rb1  1-0

[Event "CZE-chT2 9798"]
[Site "CZE"]
[Date "1998.??.??"]
[Round "5.4"]
[White "Vanka, Miloslav"]
[Black "Efler, Lukas"]
[Result "1/2-1/2"]
[WhiteElo "2270"]
[BlackElo "2300"]

1.d4 d5 2.Bg5 Nf6 3.Bxf6 exf6 4.e3 g6 5.c4 c6 6.Nc3 Be6 7.Qb3 Qd7 8.cxd5 Bxd5
9.Nxd5 cxd5 10.Bb5 Nc6 11.Ne2 a6 12.Bd3 Bb4+ 13.Kf1 Ba5 14.Nf4 Rd8 15.Rc1 O-O
16.h4 Bd2 17.Rd1 Ba5 18.h5 Ne7 19.g3 f5 20.Kg2 g5 21.Ne2 h6 22.Bb1 Kg7 23.Qd3 Qe6
24.f3 Rfe8 25.Kf2 Ng8 26.Nc3 Nf6 27.Rde1 Rc8 28.Qxf5 Bxc3 29.bxc3 Rxc3 30.Qxe6 Rxe6
31.g4 Rb6 32.Re2 a5 33.Bf5 Ne8 34.Rb1 Rxb1 35.Bxb1 Nd6 36.Rc2 Rc6 37.Rc5 Rb6
38.Rxd5 Rb2+ 39.Kg3 Nc4 40.Bd3 Nxe3 41.Re5 Nd1 42.Bc4 a4 43.Re7 b5 44.Rxf7+ Kh8
45.Rf8+ Kg7 46.Rf7+ Kh8 47.Be6 Rd2 48.Rf8+ Kg7 49.Rf7+ Kh8 50.d5 Nc3 51.Rf8+ Kg7
52.Rf7+ Kh8 53.f4 Rd3+ 54.Kf2 gxf4 55.Rf8+ Kg7 56.Rf7+ Kh8 57.Rxf4 a3 58.Rf8+ Kg7
59.Rf7+ Kh8 60.Rf8+ Kg7 61.Rf7+ Kh8 62.Rh7+ Kxh7 63.Bf5+ Kg7 64.Bxd3 Nxa2
65.Bxb5 Nc3 66.Bc4 a2 67.Bxa2 Nxa2 68.d6 Nb4 69.d7 Nc6 70.Ke3 Kf6 71.Kf4 Nd8
72.Kf3 Nf7 73.Kf4 Ke7 74.g5 hxg5+ 75.Kf5  1/2-1/2

[Event "Dieren op"]
[Site "Dieren"]
[Date "1998.??.??"]
[Round "9"]
[White "Bakker, Sven"]
[Black "Vink, Nico"]
[Result "0-1"]
[WhiteElo "2140"]
[BlackElo "2235"]

1.d4 Nf6 2.Bg5 g6 3.Bxf6 exf6 4.e3 Bg7 5.h4 d5 6.Bd3 Be6 7.Ne2 Nd7 8.Nd2 O-O
9.Nf4 Re8 10.Qf3 Nf8 11.Qg3 c5 12.dxc5 d4 13.O-O dxe3 14.Qxe3 f5 15.Nxe6 Nxe6
16.Nf3 Bxb2 17.Rab1 Bf6 18.Rfe1 Qd5 19.Ng5 Bxg5 20.hxg5 Qxa2 21.Rxb7 Qd5
22.Rbb1 Rec8 23.Be2 Qxc5 24.Bf3 Qxe3 25.Rxe3 Rab8 26.Ra1 Rxc2 27.Rxa7 Rb1+
28.Kh2 Rcc1 29.g4 fxg4 30.Bd5 Nxg5 31.Bxf7+ Nxf7 32.Re8+ Kg7 33.Ree7 h5 34.Rxf7+ Kh6
35.Kg3 Rg1+ 36.Kf4 Rb4+ 37.Ke3 Re1+ 38.Kd2 Re6 39.Rf8 Rd4+ 40.Kc3 Rd5  0-1

[Event "Dresden zt"]
[Site "Dresden"]
[Date "1998.??.??"]
[Round "6"]
[White "Gallagher, Joseph G"]
[Black "Nedev, Trajce"]
[Result "1-0"]
[WhiteElo "2490"]
[BlackElo "2405"]

1.d4 Nf6 2.Bg5 c5 3.d5 Ne4 4.Bf4 g6 5.f3 Nf6 6.e4 Bg7 7.Nc3 O-O 8.Qd2 d6
9.Bh6 Nbd7 10.Nh3 a6 11.Be2 b5 12.O-O Nb6 13.Nf2 e6 14.dxe6 fxe6 15.Bxg7 Kxg7
16.Rad1 d5 17.exd5 exd5 18.Nce4 Qe7 19.Nxf6 Qxf6 20.b4 cxb4 21.Qxb4 h5 22.Ng4 Qf4
23.Qc3+ Kh7 24.Ne5 Bf5 25.Qc7+ Kg8 26.Qxb6 Qxe5 27.Bd3 Rf6 28.Qf2 Bxd3 29.Rxd3 Rc8
30.Re1 Qb2 31.Rxd5 Rxc2 32.Rd8+ Rf8 33.Rxf8+ Kxf8 34.Qg3 Qd4+ 35.Kh1 Kf7
36.h3 Qd2 37.Re4 g5 38.Kh2 h4 39.Qg4 Rc6 40.Qh5+  1-0

[Event "Centrocoop June op-A"]
[Site "Eforie Nord "]
[Date "1998.??.??"]
[Round "?"]
[White "Perevertkin, Vladimir"]
[Black "Dobrov, Vladimir"]
[Result "1-0"]
[WhiteElo "2325"]
[BlackElo "2130"]

1.d4 Nf6 2.Bg5 c5 3.Bxf6 gxf6 4.d5 Qb6 5.Qc1 f5 6.c3 Bh6 7.Qc2 d6 8.Nd2 Nd7
9.g3 Nf6 10.Bg2 f4 11.gxf4 Bxf4 12.Qa4+ Bd7 13.Qxf4 Qxb2 14.Rb1 Qxc3 15.Qc4 Qxc4
16.Nxc4 Rg8 17.Ne3 b5 18.Nf3 a5 19.Nd2 Ra7 20.Ne4 Ng4 21.Nxg4 Rxg4 22.Bf3 Rh4
23.Kd2 f5 24.Ng5 Rd4+ 25.Ke1 Ra4 26.Ne6 Kf7 27.Bh5+ Kf6 28.Nf8 Rxa2 29.Rg1 Ra4
30.e3 Rh4 31.Nxd7+ Rxd7 32.Be8 Rb7 33.Bxb5 Rxh2 34.Ke2 Rh4 35.f4 Rh2+ 36.Kd3 e6
37.dxe6 d5 38.Bd7 Rb4 39.Rxb4 axb4 40.Rg7 c4+ 41.Kd4 Ra2 42.e7 Ra8 43.Rxh7 Kg6
44.Rh1  1-0

[Event "Centrocoop Sept op-A"]
[Site "Eforie Nord"]
[Date "1998.??.??"]
[Round "?"]
[White "Catereniuc, Dragos"]
[Black "Danin, Alexandre"]
[Result "1/2-1/2"]
[WhiteElo "2245"]
[BlackElo "1750"]

1.d4 Nf6 2.Bg5 d5 3.Nf3 e6 4.e3 Be7 5.Nbd2 O-O 6.Bd3 h6 7.Bh4 b6 8.O-O Bb7
9.Ne5 Nbd7 10.f4 Ne4 11.Nxd7 Qxd7 12.Bxe7 Qxe7 13.Bxe4 dxe4 14.c3 Ba6 15.Rf2 f5
16.Qb3 Kh7 17.Rd1 c5 18.Nc4 cxd4 19.Rxd4 Bxc4 20.Qxc4 Rac8 21.Qa4 Rfd8 22.Rfd2 Rxd4
23.Qxd4 Rc5 24.c4 b5 25.cxb5 Rxb5 26.Qd7 Qb4 27.h3 Qc5 28.Kf2  1/2-1/2

[Event "Centrocoop Sept op-A"]
[Site "Eforie Nord"]
[Date "1998.??.??"]
[Round "?"]
[White "Smida, Josif"]
[Black "Mile, I."]
[Result "1-0"]
[WhiteElo "2215"]
[BlackElo "1695"]

1.d4 Nf6 2.Bg5 g6 3.Nd2 Bg7 4.c3 d5 5.Bxf6 Bxf6 6.Ngf3 Nc6 7.e4 dxe4 8.Nxe4 Bg7
9.Bc4 O-O 10.b4 a6 11.a4 e6 12.h4 b6 13.h5 h6 14.hxg6 fxg6 15.Qd3 Ne7 16.Nh4 c5
17.bxc5 Nf5 18.g3 Nxh4 19.gxh4 Rf7 20.cxb6 Rb8 21.a5 Kh8 22.Qe2 Bb7 23.Rh3 Rf4
24.Nc5 Bd5 25.Bd3 Rc8 26.Bxa6 Rxc5 27.dxc5 Re4 28.Re3 Bxc3+ 29.Rxc3 Rxe2+
30.Bxe2 Qf6 31.Rac1 Qe5 32.c6 Bxc6 33.Rxc6 Qxa5+ 34.Kf1 Qd5 35.f3 Kg7 36.b7 Qb3
37.R1c5 Kf6 38.Rb5 Qe3 39.Rb1  1-0

[Event "FRA-chJM7"]
[Site "FRA"]
[Date "1998.??.??"]
[Round "5"]
[White "Champault, Pierre Emman"]
[Black "Gervais, Victor"]
[Result "0-1"]
[WhiteElo "2140"]
[BlackElo "2250"]

1.d4 Nf6 2.Bg5 c5 3.d5 b5 4.c4 Ne4 5.Bf4 e6 6.f3 Qf6 7.Qc1 Bd6 8.Bxd6 Nxd6
9.e4 O-O 10.dxe6 fxe6 11.Nh3 Nc6 12.Qc3 Nd4 13.Nd2 Nxc4 14.Nxc4 bxc4 15.Bxc4 d5
16.Bf1 dxe4 17.O-O-O exf3 18.gxf3 Bb7 19.Rg1 Bxf3 20.Re1 Bd5 21.Bg2 Rab8
22.Bxd5 exd5 23.Rg3 Rbe8 24.Ng1 Qf2 25.Rd1 Re2 26.Kb1 Rc2 27.Qa3 a5  0-1

[Event "FRA-chJM5"]
[Site "FRA"]
[Date "1998.??.??"]
[Round "5"]
[White "Fressinet, Laurent"]
[Black "Benitah, Yohan"]
[Result "1-0"]
[WhiteElo "2450"]
[BlackElo "2345"]

1.d4 Nf6 2.Bg5 d5 3.e3 Nbd7 4.Nf3 g6 5.c4 c6 6.Nc3 Bg7 7.cxd5 cxd5 8.Bd3 O-O
9.O-O Nb6 10.Ne5 Nfd7 11.Nxd7 Bxd7 12.Qb3 Be6 13.Bf4 Bd7 14.a4 Bc6 15.a5 Nc8
16.a6 bxa6 17.Bxa6 Qd7 18.Rfc1 Nb6 19.Bg3 h5 20.h3 f5 21.Ne2 Kh7 22.Nf4 Bf6
23.Nd3 h4 24.Bh2 g5 25.Qc2 Bb5 26.Nc5 Qe8 27.Qxf5+ Kh6 28.Bxb5 Qxb5 29.Ne6 Rfc8
30.f4 g4 31.hxg4  1-0

[Event "BCF-chT2 97/98"]
[Site "GBR"]
[Date "1998.??.??"]
[Round "11"]
[White "James, Russel"]
[Black "Devereaux, Maxim"]
[Result "0-1"]
[WhiteElo "2110"]
[BlackElo "2285"]

1.d4 Nf6 2.Bg5 c5 3.Bxf6 gxf6 4.d5 Qb6 5.Qc1 f5 6.g3 Bg7 7.c3 d6 8.Bg2 Nd7
9.Nh3 Nf6 10.Nd2 Bd7 11.O-O h5 12.Nf4 h4 13.gxh4 Bh6 14.e3 O-O-O 15.Nf3 Rdg8
16.Ng5 Bxg5 17.hxg5 Rxg5 18.Kh1 e5 19.dxe6 fxe6 20.e4 Rg7 21.exf5 e5 22.Ne6 Rgh7
23.h3 Bc6 24.f3 e4 25.Ng5 exf3 26.Nxf3 Ne4 27.Kh2 d5 28.Ne5 Qc7 29.Qf4 Rh4
30.Ng4 Rxg4 31.Qxc7+ Kxc7 32.f6 Rg6 33.f7 Rf8  0-1

[Event "Genoa op"]
[Site "Genoa"]
[Date "1998.??.??"]
[Round "5"]
[White "Quinn, Mark"]
[Black "Efimov, Igor"]
[Result "0-1"]
[WhiteElo "2350"]
[BlackElo "2525"]

1.d4 Nf6 2.Bg5 c5 3.Bxf6 gxf6 4.d5 f5 5.c4 Bg7 6.Nc3 O-O 7.Nf3 e5 8.e3 d6
9.Be2 Nd7 10.Qc2 Qf6 11.h3 Re8 12.g4 Nf8 13.g5 Qd8 14.h4 e4 15.Nd2 a6 16.Bh5 Nd7
17.Ne2 Ne5 18.Nf4 b5 19.Rb1 bxc4 20.Nxc4 Nxc4 21.Qxc4 Bd7 22.O-O Bb5 23.Qc1 Be5
24.Re1 Bxf4 25.exf4 Bd3 26.Ra1 Qa5 27.Be2 c4 28.h5 f6 29.gxf6 Kf7 30.Kh2 Qxd5
31.h6 Qd4 32.Bh5+ Kxf6 33.Re3 Rg8 34.b3 c3 35.Qa3 Ke6 36.Qa5 Rac8 37.Rae1 Kf6
38.Kh3 Qc5 39.Qa4 Bb5 40.Qa5 Bf1+  0-1

[Event "Oberliga Ost A9899"]
[Site "GER"]
[Date "1998.??.??"]
[Round "?"]
[White "Hermannsdoerfer, Frank"]
[Black "Fischer, Dieter"]
[Result "1-0"]
[WhiteElo "2145"]
[BlackElo "2160"]

1.d4 d5 2.Bg5 Nf6 3.Bxf6 exf6 4.e3 Be7 5.g3 Nd7 6.Bg2 c6 7.Ne2 O-O 8.O-O Re8
9.b3 Nb6 10.Nd2 Bg4 11.c4 dxc4 12.bxc4 Bb4 13.c5 Nd5 14.Nf3 Ba5 15.Qa4 Bf5
16.Rfd1 Rb8 17.Rac1 Be4 18.Nh4 Bxg2 19.Nxg2 g5 20.Qc2 Qe7 21.Qf5 Qe6 22.Qxe6 fxe6
23.e4 Ne7 24.Ne3 b5 25.f4 h6 26.h4 gxh4 27.gxh4 Kf7 28.Kf2 Rg8 29.Kf3 Rbd8
30.h5 f5 31.Ng3 Kf6 32.d5 cxd5 33.exf5 exf5 34.Ne2 Rg7 35.Rd3 a6 36.Rcd1 Bc7
37.Nxd5+ Nxd5 38.Rxd5 Rxd5 39.Rxd5 Ke6 40.Rd3 Rg4 41.c6 Rg7 42.Nd4+ Kf6 43.Re3 Bxf4
44.Re6+ Kf7 45.Kxf4 Rg4+ 46.Ke5 Re4+ 47.Kd5 Rxd4+ 48.Kxd4 Kxe6 49.Kc5 f4
50.Kb6  1-0